A minha pediatra cuida de mim (Record no. 2025)
[ view plain ]
| 000 -Etiqueta do registo | |
|---|---|
| Valores | 00704nam a2200241 4500 |
| 010 ## - Número ISBN | |
| ISBN | 9789899254183 |
| 021 ## - Número do Depósito Legal | |
| Código do país | Portugal |
| Número | 545922/25 |
| 100 ## - Dados gerais de processamento | |
| Dados gerais | 20250113d2025 c||y0pory50030103ba |
| 101 ## - Língua de publicação | |
| Língua | Português |
| 102 ## - País de publicação | |
| País | Portugal |
| 200 ## - Titulo e menção de responsabilidade | |
| Título próprio | A minha pediatra cuida de mim |
| Informação de outro título | três histórias que te vão ensinar a crescer forte e saudável |
| Primeira menção de responsabilidade | Rita Sousa Gomes |
| Outras menções de responsabilidade | il. Raquel Costa |
| 205 ## - Menção da edição | |
| Edição | 1ª edição |
| 210 ## - Publicação | |
| Local de publicação | Lisboa |
| Nome do editor | Manuscrito |
| Data de publicação | 2025 |
| 215 ## - Descrição física | |
| Paginação / Volumes | 62 p. |
| Outras indicações físicas | il. |
| Dimensões | 25 cm |
| 300 ## - Notas gerais | |
| Texto da nota | BMB-Registado |
| 606 ## - Nome comum usado como assunto | |
| ID Autoridade | 863 |
| Palavra de ordem | Literatura Infantil |
| 675 ## - CDU | |
| Notação | 087.5 |
| Edição | BMB |
| Língua | por |
| 700 ## - Autor principal (pessoa individual) | |
| ID Autoridade | 2898 |
| Apelido | Gomes |
| Nome | Rita Sousa |
| 702 ## - Autor secundário (pessoa individual) | |
| ID Autoridade | 2899 |
| Apelido | Costa |
| Nome | Raquel |
| Função | Ilustrador |
| 801 ## - Fonte de origem | |
| País | PT |
| Agência | BMB |
| Regras de catalogação | RPC |
| 990 ## - Elementos KOHA | |
| Tipo de documento | Livro |
| Situação do levantamento | Estado | Número | Biblioteca de origem | Código de barras | Cota | Permissão de empréstimo | Tipo de documento | Forma de aquisição |
|---|---|---|---|---|---|---|---|---|
| 1 | Biblioteca Municipal de Borba | 1975 | 087.5 GOM / MIN | Livro | Compra |